000 00348nam a22001577a 4500
005 20241202155334.0
008 241202b |||||||| |||| 00| 0 eng d
040 _a04
082 _a347.06 RAT
100 _aRATANLAL & DHIRAJLAL
245 _aTHE LAW OF EVIDENCE
260 _aLEXIS NEXIS
300 _a779
650 _aEVIDENCE
942 _c03
999 _c64684
_d64684